000 00691nam a2200205 i 4500
001 38381
003 ES-MaACL
005 20250801090216.0
007 t|
008 030225s1970 sp ||||1| spa d
080 _a860(728.5)-34"19"
100 1 _aCalero-Orozco, Adolfo.
_933660
245 1 0 _aCuentos nicaragüenses /
_cAdolfo Calero-Orozco.
260 _aMadrid :
_bEmesa [Magisterio Español],
_c[1970]
300 _a154 p. ;
_c18 cm.
490 1 _aNovelas y cuentos ;
_v74. Literatura hispano americana. Narraciones siglo XX
830 1 0 _aNovelas y cuentos
_v74. Literatura hispano americana. Narraciones siglo XX
_9179596
852 _aES-MaACL
_jC-44322
999 _c38381
_d38381